000
00461nam a2200157Ia 4500
005
20260121165316.0
008
260121s9999 xx 000 0 und d
041
_a
mar
082
_a
398.2
100
_a
सहस्रबुद्धे, अनिल
245
_a
अहिनकुल
250
_a
2
260
_b
भारतीय विचार साधना पुणे
_c
2018
300
_a
246
650
_a
मराठी साहित्य
999
_c
370029
_d
370029